000 00367pab a2200145 454500
008 180718b1990 xxu||||| |||| 00| 0 eng d
100 _aDeshpande, G.P.
245 _aModernisation and the political process in China
260 _c1990
300 _a27-9
362 _a6 Jan.
650 _aChina - Politics
773 _aEconomic and Political Weekly
909 _a5334
999 _c5334
_d5334